00367 2200157 4500001002100000005001500021035002000036245002400056100001400080300002800094260003100122082000800153084001400161020002200175990001200197INLIS00000000000315220251126094655 a0010-11250000131 aSelena /cTere Liye0 aTere Liye a368 hlm ;c14,5 x 20 cm aJakarta :bGramedia,c2020 a813 a813 TER s a978-602-0639-52-9 a0754567